Loading...
Trance dance: The dance of life
| Main Author: | |
|---|---|
| Format: | Printed Book |
| Published: |
Dorset
Element
1995
|
| LEADER | 00361nam a22001097a 4500 | ||
|---|---|---|---|
| 082 | |a 291.3 |b NAT.T | ||
| 100 | |a Frank Natale | ||
| 245 | |a Trance dance: The dance of life | ||
| 260 | |a Dorset |b Element |c 1995 | ||
| 942 | |c BK | ||
| 999 | |c 7535 |d 7535 | ||
| 952 | |0 0 |1 0 |4 0 |6 291_300000000000000_NAT_T |7 0 |8 NFIC |9 9345 |a CAMPUS |b CAMPUS |d 2016-02-22 |l 0 |o 291.3 NAT.T |p 06071 |r 2016-02-22 |w 2019-07-15 |y BK | ||